| 000 | 00790nam a22001817a 4500 | ||
|---|---|---|---|
| 999 |
_c58793 _d58793 |
||
| 003 | Ge_BSU | ||
| 005 | 20220805125921.0 | ||
| 008 | 220805s2022 ge ||||| |||| 00| 0 geo d | ||
| 020 | _q01343459 | ||
| 041 | _ageo | ||
| 245 |
_aჭოროხი : 2022 : _bლიტერატურულ-მხატვრული და საზოგადოებრივ-პოლიტიკური ჟურნალი / _cმთავარი რედაქტორი სანდრო ბერიძე. |
||
| 260 |
_aბათუმი _c1958- |
||
| 300 | _av. | ||
| 653 | _aპერიოდიკა | ||
| 653 | _aლიტერატურა | ||
| 700 |
_aბერიძე, სანდრო _eმთავარი რედაქტორი _914512 |
||
| 942 |
_2udc _cCR |
||